000 00710cam a2200253 4500500
005 20260329004608.0
041 _afre
042 _adc
100 1 0 _aNathan, Tobie
_eauthor
245 0 0 _aLe racisme dans la chair
260 _c2020.
500 _a11
690 _aAchille Mbembe
690 _aAntiracisme
690 _aÉtats-Unis
690 _aGeorge Floyd
690 _aHourya Bentouhami
690 _aKwame Anthony Appiah
690 _aNoir
690 _aRacisme
690 _aSouffrance
786 0 _nPhilosophie magazine | 141 | 8 | 2020-08-01 | p. 13-13 | 1951-1787
856 4 1 _uhttps://shs.cairn.info/magazine-philosophie-magazine-2020-8-page-13?lang=fr&redirect-ssocas=7080
999 _c1835464
_d1835464